Thebes in the first millennium BC : art and archaeology of the Kushite period and beyond /

This volume is a collection of articles, most of which are based on the talks given at the conference of the same name in Luxor in 2016. It brings together a lot of current studies on royal and elite monuments of the first millennium BC, puts them into a wider context, and fills some gaps in Egyptol...

Full description

Saved in:

Other Authors: Budka, Julia., Pischikova, Elena., Griffin, Kenneth.

Format: Book

Language: English

Published: London : Golden House Publications, 2018.

Series: GHP Egyptology ; 27.
Egyptology ; 27.

Subjects:

Tags: Add Tag

No Tags, Be the first to tag this record!

Call Number: DT59 .E88 v.27

LEADER 01359namaa2200313 4500
003 OSt
005 20260517112637.0
008 130303s2018 enkabe b 000 0 eng d
020 |a 9781906137595 
020 |a 1906137595 
040 |c ARCE Library 
043 |a f-ua--- 
050 4 |a DT59 .E88 v.27 
245 0 0 |a Thebes in the first millennium BC :  |b art and archaeology of the Kushite period and beyond /  |c Elena Pischikova, Julia Budka, Kenneth Griffin (editors). 
264 1 |a London :  |b Golden House Publications,  |c 2018. 
300 |a ix, 404 pages :  |b illustrations, maps, plans ;  |c 30 cm. 
490 0 |a GHP Egyptology ;   |v 27. 
490 0 |a Egyptology ;  |v 27. 
504 |a Includes bibliographical references. 
520 |a This volume is a collection of articles, most of which are based on the talks given at the conference of the same name in Luxor in 2016. It brings together a lot of current studies on royal and elite monuments of the first millennium BC, puts them into a wider context, and fills some gaps in Egyptological scholarship. 
650 0 |a Art, Egyptian  |z Egypt  |z Thebes (Extinct city) 
650 0 |a Egyptology. 
651 0 |a Thebes (Egypt : Extinct city)  |x Antiquities. 
700 1 |a Budka, Julia.  |9 27470 
700 1 |a Pischikova, Elena.  |9 37695 
700 1 |a Griffin, Kenneth. 
901 |a reviewed 
942 |c BK  |2 lcc 
999 |c 640  |d 640